|
|
|
|
| LEADER |
00000nab a2200000 a 4500 |
| 001 |
vtls001010719 |
| 003 |
SK-MaSNL |
| 005 |
20260426074002.0 |
| 008 |
040720e20020823xo 0 slo |
| 035 |
|
|
|a RV11319
|
| 040 |
|
|
|a RVGKPD
|b slo
|c RVGKPD
|e AACR2
|
| 041 |
0 |
|
|a slo
|
| 044 |
|
|
|a xo
|c SK
|
| 080 |
|
|
|a 373.54
|2 1981
|
| 100 |
0 |
|
|a (ela)
|4 aut
|9 855197
|
| 245 |
1 |
0 |
|a Dobšinskí gymnazisti ukážu Fínom, ako sa u nás varí z lesných plodov
|
| 300 |
|
|
|b 1 foto
|
| 610 |
2 |
7 |
|a Gymnázium (Dobšiná, Slovensko)
|2 RVGKPD
|9 1023913
|
| 650 |
0 |
7 |
|a študenti
|2 RVGKPD
|9 3979
|
| 650 |
0 |
7 |
|a pobyty zahraničné
|2 RVGKPD
|9 873394
|
| 651 |
|
7 |
|a Gočovo (Slovensko)
|2 RVGKPD
|9 58511
|
| 651 |
|
7 |
|a Španielsko
|2 RVGKPD
|9 20008
|
| 651 |
|
7 |
|a Fínsko
|2 RVGKPD
|9 20176
|
| 655 |
|
7 |
|a periodikum
|2 snkbucl
|9 29553
|
| 710 |
2 |
|
|a Gymnázium (Dobšiná, Slovensko)
|4 aut
|9 1023913
|
| 773 |
0 |
8 |
|t Gemerský denník
|g Roč. 4, č.196, 23.8.2002, s. 1
|
| 852 |
|
|
|a ZVYKNI
|b KIS3GCP
|
| 999 |
|
|
|c 2720921
|d 2722851
|